|
|
|
|
| LEADER |
00000nac a2200000 i 4500 |
| 003 |
Ucuenca |
| 005 |
20230308182944.0 |
| 006 |
a||||gr|||| 000 f |
| 007 |
ta |
| 008 |
011091t2008 ag gr|||| 000|f|spa a |
| 020 |
|
|
|a 978-987-578-109-2
|
| 040 |
|
|
|b spa
|a UCuenca-cdrjbv
|c UCuenca
|e rda
|
| 041 |
0 |
|
|a spa
|
| 082 |
0 |
|
|2 21
|a U863.4
|c 108703
|
| 100 |
1 |
|
|a Onetti Borges, Juan Carlos.
|d 1909-1994
|9 28533
|e autor
|
| 245 |
0 |
0 |
|a Para una tumba sin nombre /
|c Juan Carlos Onetti.
|
| 250 |
|
|
|a Primera edición.
|
| 264 |
|
1 |
|a Buenos Aires:
|b Punto de Lectura,
|c 2008.
|
| 264 |
|
4 |
|c ©2008
|
| 300 |
|
|
|a 121 páginas:
|c 19 cm
|
| 336 |
|
|
|2 rdacontent
|a texto
|b txt
|
| 337 |
|
|
|2 rdamedia
|a no mediado
|b n
|
| 338 |
|
|
|2 rdacarrier
|a volumen
|b nc
|
| 490 |
0 |
|
|a Narrativa
|
| 520 |
3 |
|
|a Jorge Malabia está a punto de atravesar la difícil frontera que separa la juventud del mundo adulto. Consciente de la mediocridad de la sociedad y del alto precio que tendrá que pagar por ingresar en sus filas, Malabia se resiste con todas sus fuerzas a aceptar las convenciones. Sin embargo, sus ideales de justicia se verán ensombrecidos por su relación con Rita, una mujer madura y desamparada con la que ejercerá un velado proxenetismo. Obsesionada con el sexo y temerosa de perder su poder de seducción sobre los hombres, Rita será incapaz de apartarse de su verdugo
|
| 650 |
1 |
7 |
|2 UCuenca-cdrjbv
|9 131
|a Literatura
|
| 650 |
2 |
7 |
|2 UCuenca-cdrjbv
|a Novela
|z Uruguay
|9 268444
|
| 651 |
|
|
|2 UCuenca-cdrjbv
|
| 852 |
|
|
|a UC-CDJBV
|f Compra
|l 1
|m General
|p 20110913
|q 9.90
|r 8
|t 108703
|y 354462
|b 0
|d CDRC
|e CDRC
|g U863.4 TERCER PISO
|z 2011-10-91
|
| 942 |
|
|
|c CR
|2 ddc
|r ivan.verdugo@ucuenca.edu.ec
|
| 999 |
|
|
|c 61404
|d 61404
|